[Event "Titled Tuesday intern op 16th May Late"]
[Site "Chess.com INT"]
[Date "2023.05.16"]
[Round "1"]
[White "Grycel, Kamil"]
[Black "Deac, Bogdan Daniel"]
[Result "0-1"]
[WhiteElo "2315"]
[BlackElo "2700"]
[PlyCount "30"]
[EventDate "2023.05.16"]
[EventType "swiss (blitz)"]
[EventRounds "11"]
[EventCountry "USA"]
[SourceTitle "CBM 214 Extra"]
[Source "ChessBase"]
[SourceDate "2023.07.31"]
[SourceVersion "1"]
[SourceVersionDate "2023.07.31"]
[SourceQuality "1"]

1. d4 f5 2. h3 d6 3. g4 fxg4 4. hxg4 Bxg4 5. Qd3 Nf6 6. Bg2 d5 7. Bg5 Qd7 8. Nc3 Bf5 9. Qg3 e6 10. 0-0-0 Nc6 11. Nb5 0-0-0 12. Bf4 Nb4 13. Nxc7 Qa4 14. Qb3 Nxa2+ 15. Kb1 Qxb3 0-1

[Event "Titled Tuesday intern op 16th May Late"]
[Site "Chess.com INT"]
[Date "2023.05.16"]
[Round "2"]
[White "Sant Anna, Eddie Luiz G"]
[Black "Grycel, Kamil"]
[Result "0-1"]
[WhiteElo "2003"]
[BlackElo "2315"]
[PlyCount "66"]
[EventDate "2023.05.16"]
[EventType "swiss (blitz)"]
[EventRounds "11"]
[EventCountry "USA"]
[SourceTitle "CBM 214 Extra"]
[Source "ChessBase"]
[SourceDate "2023.07.31"]
[SourceVersion "1"]
[SourceVersionDate "2023.07.31"]
[SourceQuality "1"]

1. d4 d6 2. Bf4 Nf6 3. Nf3 Bg4 4. e3 c6 5. h3 Bh5 6. Nbd2 d5 7. Be2 e6 8. Ne5 Bxe2 9. Qxe2 Nbd7 10. 0-0 Nxe5 11. Bxe5 Be7 12. c3 a6 13. f4 0-0 14. f5 c5 15. g4 Nd7 16. Bg3 Qb6 17. Rab1 Rae8 18. fxe6 Qxe6 19. Nf3 h6 20. Rbe1 Bd6 21. Qh2 Bxg3 22. Qxg3 Nf6 23. Ne5 Ne4 24. Qf4 f6 25. Ng6 Rf7 26. Nh4 g5 27. Qf5 gxh4 28. Qg6+ Rg7 29. Qxh6 Ng3 30. Rf3 Rf8 31. Qxh4 Ne4 32. Ref1 Ng5 33. Rg3 Rh7 0-1

[Event "Titled Tuesday intern op 09th May Late"]
[Site "Chess.com INT"]
[Date "2023.05.09"]
[Round "3"]
[White "Harish, Neeraj"]
[Black "Grycel, Kamil"]
[Result "0-1"]
[WhiteElo "2232"]
[BlackElo "2315"]
[PlyCount "72"]
[EventDate "2023.05.09"]
[EventType "swiss (blitz)"]
[EventRounds "11"]
[EventCountry "USA"]
[SourceTitle "CBM 214 Extra"]
[Source "ChessBase"]
[SourceDate "2023.07.31"]
[SourceVersion "1"]
[SourceVersionDate "2023.07.31"]
[SourceQuality "1"]

1. e4 d6 2. d4 Nf6 3. Nc3 c6 4. f4 Qb6 5. Nf3 Bg4 6. Be2 Bxf3 7. Bxf3 e5 8. fxe5 dxe5 9. dxe5 Nfd7 10. e6 fxe6 11. Qe2 Ne5 12. Bd2 Nbd7 13. 0-0-0 0-0-0 14. Be3 Qa5 15. Kb1 Bc5 16. Bxc5 Qxc5 17. Bg4 Qe7 18. Rhf1 Rhf8 19. Bh3 Kb8 20. a3 g5 21. Qe3 g4 22. Rxf8 Rxf8 23. Bxg4 Nxg4 24. Qg3+ Nge5 25. Rxd7 Qxd7 26. Qxe5+ Ka8 27. Ka2 Rd8 28. Qh5 Qg7 29. g3 a6 30. Qc5 Qd4 31. Qe7 Rd7 32. Qf8+ Ka7 33. Qf3 Qc4+ 34. b3 Qd4 35. Na4 b5 36. Nb2 Qd2 0-1

[Event "Titled Tuesday intern op 14th Mar Late"]
[Site "Chess.com INT"]
[Date "2023.03.14"]
[Round "5"]
[White "Grycel, Kamil"]
[Black "Ambartsumova, Karina"]
[Result "1-0"]
[WhiteElo "2315"]
[BlackElo "2399"]
[PlyCount "121"]
[EventDate "2023.03.14"]
[EventType "swiss (blitz)"]
[EventRounds "11"]
[EventCountry "USA"]
[SourceTitle "EXT 2024"]
[Source "ChessBase"]
[SourceDate "2023.10.10"]
[SourceVersion "1"]
[SourceVersionDate "2023.10.10"]
[SourceQuality "1"]

1. b3 e5 2. Bb2 Nc6 3. Nf3 d6 4. d4 g6 5. dxe5 Bg7 6. e3 Nge7 7. Be2 0-0 8. 0-0 dxe5 9. c4 e4 10. Nd4 Nxd4 11. Bxd4 Bxd4 12. exd4 Nf5 13. d5 e3 14. Na3 a6 15. Nc2 exf2+ 16. Rxf2 Qg5 17. Qc1 Qxc1+ 18. Rxc1 Bd7 19. Bg4 Rad8 20. Re1 Rfe8 21. Rfe2 Rxe2 22. Rxe2 Kf8 23. Bxf5 Bxf5 24. Nd4 Bd7 25. Kf2 b6 26. b4 Bc8 27. Nc6 Re8 28. Rxe8+ Kxe8 29. Ke3 f6 30. Kd4 h5 31. c5 bxc5+ 32. Kxc5 h4 33. a4 g5 34. d6 cxd6+ 35. Kxd6 h3 36. g3 Kf7 37. a5 Bg4 38. Nd4 Bd1 39. b5 Bg4 40. bxa6 Bc8 41. a7 Bb7 42. Kc7 Bg2 43. Kb8 f5 44. a8Q Bxa8 45. Kxa8 f4 46. gxf4 g4 47. Ne2 Kf6 48. Ng3 Ke6 49. Kb7 Kd5 50. a6 Kd4 51. a7 Ke3 52. a8Q Kxf4 53. Qa4+ Kf3 54. Qb3+ Kg2 55. Qc2+ Kf3 56. Qd3+ Kg2 57. Qe2+ Kg1 58. Ne4 g3 59. hxg3 h2 60. Qf2+ Kh1 61. Qf1# 1-0

[Event "Titled Tuesday intern op 14th Mar Late"]
[Site "Chess.com INT"]
[Date "2023.03.14"]
[Round "11"]
[White "Grycel, Kamil"]
[Black "Ismagilov, Damir"]
[Result "1-0"]
[WhiteElo "2315"]
[BlackElo "2156"]
[PlyCount "51"]
[EventDate "2023.03.14"]
[EventType "swiss (blitz)"]
[EventRounds "11"]
[EventCountry "USA"]
[SourceTitle "EXT 2024"]
[Source "ChessBase"]
[SourceDate "2023.10.10"]
[SourceVersion "1"]
[SourceVersionDate "2023.10.10"]
[SourceQuality "1"]

1. b3 a5 2. a4 Nf6 3. Bb2 g6 4. Nf3 Bg7 5. g3 0-0 6. Bg2 d6 7. d4 c6 8. 0-0 Nbd7 9. c4 Qc7 10. Nc3 e5 11. e3 Re8 12. Ba3 Bf8 13. Rc1 h6 14. Qc2 Kh7 15. Rfd1 exd4 16. exd4 Nb8 17. Re1 Bf5 18. Qd2 Na6 19. d5 Nc5 20. Bxc5 dxc5 21. Nh4 Bd7 22. Ne4 Nxe4 23. Bxe4 Bg7 24. Qd3 Bh3 25. Bxg6+ fxg6 26. Qxg6+ 1-0

[Event "Titled Tuesday intern op 14th Mar Late"]
[Site "Chess.com INT"]
[Date "2023.03.14"]
[Round "2"]
[White "Grycel, Kamil"]
[Black "Kornyukov, Alexey"]
[Result "1-0"]
[WhiteElo "2315"]
[BlackElo "2452"]
[PlyCount "105"]
[EventDate "2023.03.14"]
[EventType "swiss (blitz)"]
[EventRounds "11"]
[EventCountry "USA"]
[SourceTitle "EXT 2024"]
[Source "ChessBase"]
[SourceDate "2023.10.10"]
[SourceVersion "1"]
[SourceVersionDate "2023.10.10"]
[SourceQuality "1"]

1. b3 d5 2. Bb2 c5 3. Nf3 Nc6 4. e3 a6 5. d4 Nf6 6. Nbd2 cxd4 7. Nxd4 g6 8. Nxc6 bxc6 9. Bxf6 exf6 10. Be2 Bg7 11. c4 f5 12. Rc1 d4 13. exd4 Qxd4 14. 0-0 0-0 15. Nf3 Qc5 16. Qd2 a5 17. Rfd1 Be6 18. Qd6 Qxd6 19. Rxd6 c5 20. Ng5 Rfd8 21. Rcd1 Bd4 22. Rxd8+ Rxd8 23. Nxe6 fxe6 24. Bf3 Kf7 25. Kf1 Rd7 26. Bc6 Rc7 27. Bb5 e5 28. Ke2 Kf6 29. f3 g5 30. g4 e4 31. gxf5 exf3+ 32. Kxf3 Re7 33. Rf1 Kxf5 34. Kg3+ Kg6 35. Bc6 h5 36. h3 Re6 37. Bd5 Re3+ 38. Rf3 h4+ 39. Kg4 Re2 40. Bf7+ Kh6 41. Kf5 Re5+ 42. Kg4 Re4+ 43. Kf5 Re5+ 44. Kg4 Kg7 45. Bd5 Re2 46. Kxg5 Rg2+ 47. Kxh4 Bf6+ 48. Rxf6 Kxf6 49. Bxg2 Kf5 50. Bc6 Kf4 51. Kh5 Kf5 52. h4 Kf6 53. Ba4 1-0

[Event "Titled Tuesday intern op 14th Mar Late"]
[Site "Chess.com INT"]
[Date "2023.03.14"]
[Round "8"]
[White "Grycel, Kamil"]
[Black "Novikova, Margarita"]
[Result "0-1"]
[WhiteElo "2315"]
[BlackElo "1985"]
[PlyCount "68"]
[EventDate "2023.03.14"]
[EventType "swiss (blitz)"]
[EventRounds "11"]
[EventCountry "USA"]
[SourceTitle "EXT 2024"]
[Source "ChessBase"]
[SourceDate "2023.10.10"]
[SourceVersion "1"]
[SourceVersionDate "2023.10.10"]
[SourceQuality "1"]

1. b3 Nf6 2. Bb2 g6 3. Bxf6 exf6 4. c4 Bg7 5. Nc3 0-0 6. Rc1 c6 7. Nf3 f5 8. e3 d5 9. cxd5 cxd5 10. d4 f4 11. exf4 Re8+ 12. Be2 Bh6 13. 0-0 Bxf4 14. Ra1 Nc6 15. Re1 Bf5 16. g3 Bc7 17. Nh4 Be6 18. Qd3 Bb6 19. Nf3 Bg4 20. Rad1 Bf5 21. Qb5 Ba5 22. Rc1 a6 23. Qxd5 Qxd5 24. Nxd5 Bxe1 25. Nf6+ Kf8 26. Nxe8 Rxe8 27. Rxe1 Bg4 28. Kf1 Bh3+ 29. Kg1 Bg4 30. Kf1 Rd8 31. Ne5 Bh3+ 32. Kg1 Nxd4 33. Bc4 f6 34. Bf1 fxe5 0-1

[Event "Titled Tuesday intern op 7th Mar Late"]
[Site "Chess.com INT"]
[Date "2023.03.07"]
[Round "11"]
[White "Grycel, Kamil"]
[Black "Ardila, Oscar Humberto"]
[Result "1-0"]
[WhiteElo "2315"]
[BlackElo "1982"]
[PlyCount "65"]
[EventDate "2023.03.07"]
[EventType "swiss (blitz)"]
[EventRounds "11"]
[EventCountry "USA"]
[SourceTitle "EXT 2024"]
[Source "ChessBase"]
[SourceDate "2023.10.10"]
[SourceVersion "1"]
[SourceVersionDate "2023.10.10"]
[SourceQuality "1"]

1. b3 Nf6 2. Bb2 e6 3. f4 Be7 4. e3 0-0 5. Nf3 d6 6. Be2 c5 7. 0-0 Nc6 8. c4 d5 9. Ne5 d4 10. Nxc6 bxc6 11. Bf3 Bb7 12. Qe2 Qd7 13. e4 Rad8 14. d3 Qc7 15. e5 Ne8 16. Nd2 Bc8 17. Qe4 Bd7 18. Qe2 f5 19. exf6 Nxf6 20. g3 Rde8 21. Rae1 Bd6 22. Ne4 e5 23. Nxd6 Qxd6 24. fxe5 Qc7 25. Bc1 Bh3 26. Rf2 Nd7 27. Bf4 Qa5 28. Bxc6 Re7 29. Bd5+ Kh8 30. Bg2 Bxg2 31. Kxg2 Rfe8 32. Qd2 Nf8 33. Qxa5 1-0

[Event "Titled Tuesday intern op 7th Mar Late"]
[Site "Chess.com INT"]
[Date "2023.03.07"]
[Round "4"]
[White "Lacasa Diaz, Jose Antonio"]
[Black "Grycel, Kamil"]
[Result "1-0"]
[WhiteElo "2360"]
[BlackElo "2315"]
[PlyCount "97"]
[EventDate "2023.03.07"]
[EventType "swiss (blitz)"]
[EventRounds "11"]
[EventCountry "USA"]
[SourceTitle "EXT 2024"]
[Source "ChessBase"]
[SourceDate "2023.10.10"]
[SourceVersion "1"]
[SourceVersionDate "2023.10.10"]
[SourceQuality "1"]

1. e4 b6 2. d4 Bb7 3. Bd3 Nf6 4. Nc3 e6 5. Nge2 d5 6. e5 Ng8 7. Nb1 c5 8. c3 Nc6 9. a3 Nge7 10. 0-0 a5 11. Nd2 cxd4 12. cxd4 Ng6 13. Nf3 Be7 14. g3 0-0 15. h4 f6 16. h5 fxe5 17. hxg6 e4 18. gxh7+ Kxh7 19. Nf4 Rxf4 20. Bxf4 exd3 21. Kg2 Ba6 22. Rh1+ Kg8 23. Rc1 Rc8 24. Rxc6 Rxc6 25. Ne5 Qe8 26. Nxc6 Qxc6 27. Qh5 Bf6 28. Be5 Bxe5 29. Qxe5 d2 30. Rd1 Bd3 31. Rxd2 Bf5 32. f3 Qc1 33. Qe2 Qb1 34. g4 Bg6 35. Qxe6+ Bf7 36. Qe2 Qc1 37. Qf2 Qb1 38. Re2 Qd3 39. Rd2 Qb1 40. Re2 Qd3 41. Qe3 Qd1 42. Qd2 Qb1 43. Re5 a4 44. Qe2 Qc1 45. Re3 Qb1 46. Rc3 Bg6 47. Rc8+ Kh7 48. Qf2 Qe1 49. Qxe1 1-0

[Event "Titled Tuesday intern op 28th Feb Late"]
[Site "Chess.com INT"]
[Date "2023.02.28"]
[Round "2"]
[White "Grycel, Kamil"]
[Black "Passen, Brett"]
[Result "0-1"]
[WhiteElo "2315"]
[BlackElo "1921"]
[PlyCount "32"]
[EventDate "2023.02.28"]
[EventType "swiss (blitz)"]
[EventRounds "11"]
[EventCountry "USA"]
[SourceTitle "CBM 213 Extra"]
[Source "ChessBase"]
[SourceDate "2023.05.31"]
[SourceVersion "1"]
[SourceVersionDate "2023.05.31"]
[SourceQuality "1"]

1. b3 e5 2. Bb2 Nc6 3. Nf3 Bd6 4. c4 Nf6 5. d3 0-0 6. e3 e4 7. dxe4 Nxe4 8. Be2 Bb4+ 9. Kf1 Re8 10. Bd3 d5 11. Qc2 Bf5 12. Nc3 Bxc3 13. Bxc3 dxc4 14. bxc4 Ng3+ 15. Kg1 Bxd3 16. Qb2 Ne2+ 0-1

[Event "Titled Tuesday intern op 21st Feb Late"]
[Site "Chess.com INT"]
[Date "2023.02.21"]
[Round "6"]
[White "Coelho, Ramyres Santana"]
[Black "Grycel, Kamil"]
[Result "1-0"]
[WhiteElo "1981"]
[BlackElo "2315"]
[PlyCount "109"]
[EventDate "2023.02.21"]
[EventType "swiss (blitz)"]
[EventRounds "11"]
[EventCountry "USA"]
[SourceTitle "CBM 212 Extra"]
[Source "ChessBase"]
[SourceDate "2023.03.31"]
[SourceVersion "1"]
[SourceVersionDate "2023.03.31"]
[SourceQuality "1"]

1. e4 b6 2. d4 Bb7 3. Nc3 e6 4. f3 g6 5. Be3 Bg7 6. Qd2 h6 7. 0-0-0 d6 8. g4 Nd7 9. h4 Ne7 10. f4 a6 11. f5 gxf5 12. gxf5 exf5 13. Bc4 Nf6 14. Nge2 b5 15. Bb3 b4 16. Nd5 Nxe4 17. Qxb4 Bxd5 18. c4 Rb8 19. Qe1 Be6 20. Rg1 Bf6 21. d5 Bd7 22. Nd4 Ng6 23. h5 Ne5 24. Qf1 Qc8 25. Bc2 Ng4 26. Rxg4 fxg4 27. Bxe4 Be5 28. b3 Qd8 29. Nc6 Bxc6 30. dxc6 Qf6 31. Qd3 g3 32. Rf1 Qe7 33. Bd5 g2 34. Rxf7 Qxf7 35. Bxf7+ Kxf7 36. Qg6+ Ke7 37. Qxg2 Rhg8 38. Qh3 Kf6 39. Bxh6 Rg1+ 40. Kc2 Rbg8 41. Qh4+ Kf5 42. Bd2 R8g2 43. Qe7 Rh2 44. Qf7+ Ke4 45. Qd5+ Kf5 46. Qf7+ Ke4 47. Qxc7 Rgg2 48. Qh7+ Kf3 49. Qd3+ Kg4 50. c7 Bf4 51. c8Q+ Kxh5 52. Qh8+ Kg4 53. Qg7+ Kh4 54. Qdh7+ Bh6 55. Qhxh6# 1-0

[Event "Titled Tuesday intern op 21st Feb Late"]
[Site "Chess.com INT"]
[Date "2023.02.21"]
[Round "2"]
[White "Gorshtein, Ido"]
[Black "Grycel, Kamil"]
[Result "1-0"]
[WhiteElo "2493"]
[BlackElo "2315"]
[PlyCount "113"]
[EventDate "2023.02.21"]
[EventType "swiss (blitz)"]
[EventRounds "11"]
[EventCountry "USA"]
[SourceTitle "CBM 212 Extra"]
[Source "ChessBase"]
[SourceDate "2023.03.31"]
[SourceVersion "1"]
[SourceVersionDate "2023.03.31"]
[SourceQuality "1"]

1. b3 e5 2. Bb2 Nc6 3. e3 Nf6 4. Bb5 Bd6 5. Nf3 Qe7 6. 0-0 0-0 7. Bxc6 dxc6 8. d3 Bg4 9. Nbd2 Rfe8 10. h3 Bh5 11. e4 Rad8 12. a4 Nd7 13. Re1 Nc5 14. Nf1 Qf6 15. g4 Bg6 16. Ng3 Ne6 17. Nf5 c5 18. Bc1 Nf4 19. Bxf4 exf4 20. Nxd6 cxd6 21. c4 h5 22. Kg2 hxg4 23. hxg4 Re5 24. Rh1 Rg5 25. Nxg5 Qxg5 26. Kf3 f6 27. Qd2 Qe5 28. Qxf4 Qc3 29. Qe3 Re8 30. Rag1 Kf7 31. Kg3 b6 32. Re1 f5 33. gxf5 Bxf5 34. Qf4 Qxd3+ 35. Re3 Qd4 36. Qxf5+ Kg8 37. Rf3 Qe5+ 38. Qxe5 Rxe5 39. Re3 Rg5+ 40. Kf3 Rg6 41. Rd1 Kf7 42. Red3 Ke7 43. Ke3 Rh6 44. f3 Rf6 45. Rd5 Rh6 46. Rg5 g6 47. Rdg1 Kf6 48. Rd5 Ke6 49. Rgd1 Rh2 50. Rxd6+ Kf7 51. Rd7+ Kf6 52. R1d6+ Kg5 53. f4+ Kh6 54. f5 Rh3+ 55. Kf4 Rh4+ 56. Ke5 Rg4 57. Rxg6+ 1-0

[Event "Titled Tuesday intern op 21st Feb Late"]
[Site "Chess.com INT"]
[Date "2023.02.21"]
[Round "8"]
[White "Grycel, Kamil"]
[Black "Bhavikatti, Neil"]
[Result "1/2-1/2"]
[WhiteElo "2315"]
[BlackElo "2051"]
[PlyCount "145"]
[EventDate "2023.02.21"]
[EventType "swiss (blitz)"]
[EventRounds "11"]
[EventCountry "USA"]
[SourceTitle "CBM 212 Extra"]
[Source "ChessBase"]
[SourceDate "2023.03.31"]
[SourceVersion "1"]
[SourceVersionDate "2023.03.31"]
[SourceQuality "1"]

1. b3 c5 2. Bb2 Nc6 3. Nf3 d6 4. d4 cxd4 5. Nxd4 Nf6 6. g3 Bd7 7. Bg2 a6 8. c4 g6 9. Nxc6 Bxc6 10. Bxc6+ bxc6 11. Bxf6 exf6 12. Nc3 Qa5 13. Qd2 Be7 14. 0-0 0-0 15. Rfd1 Rfd8 16. Rac1 f5 17. Na4 Qe5 18. e3 h5 19. h4 Kg7 20. Qd4 Qxd4 21. Rxd4 Bf6 22. Rd3 Rab8 23. Rcd1 Be7 24. Kg2 Kf6 25. Kf3 Ke6 26. R1d2 d5 27. cxd5+ cxd5 28. Rc2 Rdc8 29. Rdc3 Rxc3 30. Rxc3 Rd8 31. Rc6+ Ke5 32. Rxa6 d4 33. exd4+ Rxd4 34. Ra5+ Kf6 35. Ra6+ Ke5 36. Nb6 Rd3+ 37. Ke2 Rd4 38. Nc4+ Kd5 39. Ne3+ Ke5 40. Nc4+ Kd5 41. a4 f4 42. Kf3 fxg3 43. fxg3 Rd3+ 44. Ne3+ Kd4 45. Rb6 Rxe3+ 46. Kf4 f6 47. a5 Re4+ 48. Kf3 Re5 49. a6 Ra5 50. Re6 Bc5 51. Rxf6 Ra3 52. Rxg6 Rxb3+ 53. Kg2 Kc4 54. Rg5 Ra3 55. Rxh5 Rxa6 56. Rg5 Rf6 57. Kh3 Kd4 58. h5 Bd6 59. Rg4+ Ke5 60. Rg8 Kf5 61. Kh4 Ke6 62. g4 Kf7 63. Rd8 Be7 64. g5 Rd6 65. Rxd6 Bxd6 66. Kg4 Kg7 67. Kf5 Be7 68. Kf4 Bxg5+ 69. Kxg5 Kg8 70. h6 Kh8 71. Kg6 Kg8 72. h7+ Kh8 73. Kh6 1/2-1/2

[Event "Titled Tuesday intern op 21st Feb Late"]
[Site "Chess.com INT"]
[Date "2023.02.21"]
[Round "11"]
[White "Grycel, Kamil"]
[Black "Smith, Garrett L"]
[Result "1-0"]
[WhiteElo "2315"]
[BlackElo "2047"]
[PlyCount "63"]
[EventDate "2023.02.21"]
[EventType "swiss (blitz)"]
[EventRounds "11"]
[EventCountry "USA"]
[SourceTitle "CBM 212 Extra"]
[Source "ChessBase"]
[SourceDate "2023.03.31"]
[SourceVersion "1"]
[SourceVersionDate "2023.03.31"]
[SourceQuality "1"]

1. b3 g6 2. Bb2 Nf6 3. Bxf6 exf6 4. c4 Bg7 5. Nc3 d6 6. Rc1 Nc6 7. Nf3 b6 8. g3 Bb7 9. Bg2 f5 10. 0-0 0-0 11. d4 Re8 12. e3 Qd7 13. h4 Ne7 14. d5 Kh8 15. Nd4 Ng8 16. Nce2 Nf6 17. Nf4 Ng4 18. Qd2 Bf6 19. b4 g5 20. hxg5 Bxg5 21. c5 bxc5 22. bxc5 dxc5 23. Rxc5 Qe7 24. Rfc1 Qf6 25. Rxc7 Qh6 26. Rxb7 Qh2+ 27. Kf1 Rxe3 28. fxe3 Qxg3 29. Nxf5 Nh2+ 30. Ke2 Qg4+ 31. Kd3 Qxf5+ 32. Be4 1-0

[Event "Titled Tuesday intern op 14th Feb Early"]
[Site "Chess.com INT"]
[Date "2023.02.14"]
[Round "10"]
[White "Grycel, Kamil"]
[Black "Prado Lobo, Jonas"]
[Result "0-1"]
[WhiteElo "2315"]
[BlackElo "2306"]
[PlyCount "60"]
[EventDate "2023.02.14"]
[EventType "swiss (blitz)"]
[EventRounds "11"]
[EventCountry "USA"]
[SourceTitle "CBM 212 Extra"]
[Source "ChessBase"]
[SourceDate "2023.03.31"]
[SourceVersion "1"]
[SourceVersionDate "2023.03.31"]
[SourceQuality "1"]

1. b3 Nf6 2. Bb2 g6 3. Bxf6 exf6 4. c4 Bg7 5. Nc3 f5 6. Rc1 b6 7. Nf3 Bb7 8. e3 0-0 9. g3 Na6 10. d4 g5 11. Bg2 f4 12. gxf4 gxf4 13. e4 Re8 14. 0-0 Nb4 15. Qd2 Qf6 16. Nd5 Nxd5 17. exd5 c6 18. Ne5 Qf5 19. dxc6 dxc6 20. Qd3 Rxe5 21. Qf3 Re6 22. d5 cxd5 23. cxd5 Rg6 24. Kh1 Rd8 25. Rfd1 Bf8 26. Rc7 Bxd5 27. Qxd5 Rxd5 28. Bxd5 Rg7 29. f3 Qh3 30. Rd2 Qf1# 0-1

[Event "Titled Tuesday intern op 14th Feb Early"]
[Site "Chess.com INT"]
[Date "2023.02.14"]
[Round "4"]
[White "Grycel, Kamil"]
[Black "Zampronha, Wladimir Camilo"]
[Result "1/2-1/2"]
[WhiteElo "2315"]
[BlackElo "2163"]
[PlyCount "156"]
[EventDate "2023.02.14"]
[EventType "swiss (blitz)"]
[EventRounds "11"]
[EventCountry "USA"]
[SourceTitle "CBM 212 Extra"]
[Source "ChessBase"]
[SourceDate "2023.03.31"]
[SourceVersion "1"]
[SourceVersionDate "2023.03.31"]
[SourceQuality "1"]

1. b3 e5 2. Bb2 Nc6 3. Nf3 d6 4. d4 e4 5. d5 exf3 6. dxc6 bxc6 7. exf3 Nf6 8. Qe2+ Be7 9. Bxf6 gxf6 10. g3 0-0 11. Bg2 Bf5 12. 0-0 d5 13. Nc3 Bb4 14. Na4 Re8 15. Qd1 Bd6 16. f4 Qe7 17. c4 Be4 18. Re1 Qd7 19. Bxe4 Rxe4 20. Rxe4 dxe4 21. c5 e3 22. cxd6 exf2+ 23. Kxf2 cxd6 24. Qd4 Re8 25. Re1 Rxe1 26. Kxe1 Qh3 27. Qf2 Qf5 28. Qe2 Kg7 29. Kf2 d5 30. Nc5 h5 31. Qd3 Qh3 32. Kg1 h4 33. Qf3 Kf8 34. f5 hxg3 35. hxg3 Qh6 36. Qf4 Qh5 37. g4 Qh4 38. Nd7+ Ke7 39. Nb8 Qe1+ 40. Kg2 Qe2+ 41. Kh3 Qd3+ 42. Kh4 Qc2 43. Qg3 Qc1 44. Kh3 Qh6+ 45. Kg2 Qd2+ 46. Qf2 Qc1 47. Na6 Qf4 48. Qg3 Qd2+ 49. Kh3 Qxa2 50. Nc5 Qb1 51. Qe3+ Kf8 52. Qh6+ Ke7 53. Qe3+ Kf8 54. Kg3 Qc2 55. Nd7+ Kg7 56. Nc5 Qb1 57. Nd3 Qc2 58. Nf4 Qd1 59. Nh5+ Kf8 60. Qc5+ Ke8 61. Qxc6+ Ke7 62. Qc7+ Ke8 63. Qc8+ Ke7 64. Qc7+ Kf8 65. Qd6+ Kg8 66. Nxf6+ Kg7 67. Nh5+ Kg8 68. Qd8+ Kh7 69. Nf6+ Kg7 70. Nh5+ Kh7 71. Qg5 Qg1+ 72. Kf3 Qd1+ 73. Kg2 Qe2+ 74. Kh3 Qf1+ 75. Kh2 Qf2+ 76. Kh3 Qf1+ 77. Kh4 Qf2+ 78. Kh3 Qf1+ 1/2-1/2

[Event "Titled Tuesday intern op 14th Feb Early"]
[Site "Chess.com INT"]
[Date "2023.02.14"]
[Round "9"]
[White "Panesar, Vedant"]
[Black "Grycel, Kamil"]
[Result "1-0"]
[WhiteElo "2385"]
[BlackElo "2315"]
[PlyCount "99"]
[EventDate "2023.02.14"]
[EventType "swiss (blitz)"]
[EventRounds "11"]
[EventCountry "USA"]
[SourceTitle "CBM 212 Extra"]
[Source "ChessBase"]
[SourceDate "2023.03.31"]
[SourceVersion "1"]
[SourceVersionDate "2023.03.31"]
[SourceQuality "1"]

1. Nf3 b6 2. e4 Bb7 3. Nc3 e6 4. d4 Bb4 5. Bd3 Nf6 6. Nd2 Bxc3 7. bxc3 d6 8. 0-0 Nbd7 9. f4 e5 10. fxe5 dxe5 11. Ba3 c5 12. Qf3 0-0 13. Nc4 Qc7 14. Ne3 Rfe8 15. d5 c4 16. Nxc4 Nc5 17. Rac1 Ba6 18. Ne3 Nxd3 19. cxd3 Bxd3 20. Ng4 Nxg4 21. Qxd3 Rac8 22. c4 Qd7 23. Qg3 f6 24. h3 Nh6 25. Rxf6 Kh8 26. Rd6 Qa4 27. Bb2 Nf7 28. Re6 Qxa2 29. Bxe5 Nxe5 30. Qxe5 Rf8 31. Re7 Qf2+ 32. Kh1 Rg8 33. Rxa7 Rcf8 34. d6 Qe3 35. Rd1 Qe2 36. Rg1 Rf1 37. Rxf1 Qxf1+ 38. Kh2 Qf2 39. Re7 Qf8 40. d7 Qd8 41. Re8 Qxd7 42. Rxg8+ Kxg8 43. Qb8+ Kf7 44. Qxb6 Qe7 45. Qf2+ Kg8 46. Qf4 Qc5 47. e5 Qc7 48. Kg3 h6 49. e6 Qe7 50. Qf7+ 1-0

[Event "Titled Tuesday intern op 31st Jan Late"]
[Site "Chess.com INT"]
[Date "2023.01.31"]
[Round "2"]
[White "Chabris, Christopher"]
[Black "Grycel, Kamil"]
[Result "0-1"]
[WhiteElo "2080"]
[BlackElo "2315"]
[PlyCount "76"]
[EventDate "2023.01.31"]
[EventType "swiss (blitz)"]
[EventRounds "11"]
[EventCountry "USA"]
[SourceTitle "CBM 212 Extra"]
[Source "ChessBase"]
[SourceDate "2023.03.31"]
[SourceVersion "1"]
[SourceVersionDate "2023.03.31"]
[SourceQuality "1"]

1. e4 c5 2. Nf3 e6 3. d4 cxd4 4. Nxd4 a6 5. c4 Qc7 6. Nc3 Nf6 7. Be2 b6 8. 0-0 Bb7 9. Qd3 d6 10. f4 Nbd7 11. f5 e5 12. Nc2 Nc5 13. Qe3 Ncxe4 14. Nxe4 Bxe4 15. Bf3 Qb7 16. Kh1 Be7 17. Nb4 0-0 18. Nd5 Bxf3 19. Qxf3 Nxd5 20. cxd5 Rac8 21. Be3 Rc2 22. Qe4 Rfc8 23. f6 Bxf6 24. Rxf6 gxf6 25. Bh6 Qd7 26. Qf3 R2c4 27. Qxf6 Rg4 28. Rf1 Rg6 29. Qh4 Rc2 30. Bg5 b5 31. h3 Rc4 32. Qh5 Rc2 33. Rf3 h6 34. Bxh6 Rcxg2 35. Be3 Qb7 36. Qh4 Qxd5 37. Qd8+ Kg7 38. Qh4 Qxf3 0-1

[Event "Titled Tuesday intern op 31st Jan Late"]
[Site "Chess.com INT"]
[Date "2023.01.31"]
[Round "7"]
[White "Grycel, Kamil"]
[Black "Rosen, Eric S"]
[Result "1-0"]
[WhiteElo "2315"]
[BlackElo "2356"]
[PlyCount "115"]
[EventDate "2023.01.31"]
[EventType "swiss (blitz)"]
[EventRounds "11"]
[EventCountry "USA"]
[SourceTitle "CBM 212 Extra"]
[Source "ChessBase"]
[SourceDate "2023.03.31"]
[SourceVersion "1"]
[SourceVersionDate "2023.03.31"]
[SourceQuality "1"]

1. d4 d5 2. c4 e6 3. Nc3 Nf6 4. cxd5 exd5 5. Bg5 c6 6. e3 h6 7. Bh4 Bd6 8. Bd3 0-0 9. Qc2 Re8 10. Nge2 a5 11. Bg3 Na6 12. a3 Nc7 13. 0-0 Ne6 14. Na4 Bxg3 15. Nxg3 h5 16. h3 g6 17. Ne2 Ng7 18. b4 Bf5 19. Nc5 Qe7 20. Rfc1 axb4 21. axb4 Bxd3 22. Nxd3 Nf5 23. Ne5 Nd6 24. Nf4 Nfe4 25. Nfd3 h4 26. Nf3 Qf6 27. Nde5 Nc4 28. Nd7 Qf5 29. Nc5 Rxa1 30. Rxa1 b6 31. Nxe4 Rxe4 32. Nd2 Nxd2 33. Qxd2 Re6 34. Ra7 Qb1+ 35. Kh2 Rf6 36. Ra2 Kg7 37. Rb2 Qf1 38. Qe2 Qa1 39. Ra2 Qc3 40. Rb2 b5 41. Rd2 Qxb4 42. Rb2 Qd6+ 43. Kg1 Qe7 44. Qc2 Re6 45. Rb3 Qf6 46. Rb1 Qf5 47. Rc1 Qxc2 48. Rxc2 Kf6 49. Kf1 Ke7 50. Ke2 Kd6 51. Kf3 Kc7 52. Kg4 Re4+ 53. Kg5 Kd7 54. Kf6 Re6+ 55. Kxf7 Rd6 56. Ra2 b4 57. Ra7+ Kc8 58. Ke7 1-0